Classifica Marcatori Lazio All-Time - Statistics

Statistiche generali
  • Questo quiz è stato fatto 138 volte
  • Il punteggio medio è 10 su 21
Statistiche sulle risposte
Gol Nazione Stagioni alla Lazio Calciatore % Corretto
207 Italia 2016-2024 Ciro Immobile
100%
63 Germania 2011-2016 Miroslav Klose
93%
64 Macedonia del Nord 2004-2009 Goran Pandev
92%
60 Serbia 2015- Sergej Milinković-Savić
84%
51 Repubblica Ceca 1996-2001 Pavel Nedvěd
79%
127 Italia 1992-1997 Giuseppe Signori
71%
105 Italia 2004-2013 Tommaso Rocchi
69%
159 Italia 1934-1943 Silvio Piola
68%
49 Cile 1998-2001 Marcelo Salas
67%
122 Italia 1969-1976 Giorgio Chinaglia
59%
55 Italia 1999-2005, 2005-2007, 2008-2010 Simone Inzaghi
48%
47 Italia 2006-2016 Stefano Mauri
47%
108 Italia 1975-1985 Bruno Giordano
39%
56 Italia 1993-1998 Pierluigi Casiraghi
27%
51 Italia 1971-1980, 1981-1986 Vincenzo D'Amico
26%
47 Uruguay 1988-1992 Rubèn Sosa
24%
64 Italia 1972-1982 Renzo Garlaschelli
9%
73 Italia 1923-1926 Fulvio Bernardini
5%
78 Italia 1940-1943, 1945-1955 Aldo Puccinelli
3%
65 Italia 1920-1928 Dante Filippi
3%
52 Argentina 1960-1964, 1966-1971 Juan Carlos Morrone
2%
Nessun quiz corrispondente trovato
Distribuzione punteggi
Percentuale di utenti per punteggio
Percentile per numero di risposta
I tuoi punteggi nel tempo
Non hai fatto questo quiz